000 00427nam a2200181Ia 4500
005 20250423101607.0
008 250422s9999 xx 000 0 und d
020 _a0-201-49833-2
050 _aQA 76.9.035 .F695/
100 _aMartin fowler
245 0 _aUML Distilled
260 _aReading
260 _bAddison Wesley Publishing Company
260 _c1997
300 _a179 p
650 _aMathematics
942 _cBK
999 _c36709
_d36709